Ballon d‘Or Gewinner - Sudden Death - Statistiken

Allgemein
  • Dieses Quiz wurde 529 mal gespielt
  • Das Durchschnittsergebnis liegt bei 7 aus 14
Answers on the Grid
Answers color-coded by a green-red scale on the quiz's grid according to % correct below.
Eusebio
Hristo Stoihkov
Zlatan Ibrahimovic
Luka Modric
Thierry Henry
Andrés Iniesta
Toni Kroos
Luis Figo
Paolo Maldini
Raul
Rivaldo
Dennis Bergkamp
Michel Platini
Matthias Sammer
Robert Lewandowski
David Beckham
Kaka
Pavel Nedved
Michael Owen
Franck Ribéry
Neymar
Gerd Müller
Xavi Hernández
Manuel Neuer
Bobby Charlton
Karl-Heinz Rummenigge
Xabi Alonso
Franz Beckenbauer
 
Antwortstatistiken
Antwort % Korrekt
Luka Modric
86%
Eusebio
63%
Kaka
57%
Luis Figo
57%
Franz Beckenbauer
56%
Matthias Sammer
48%
Hristo Stoihkov
47%
Pavel Nedved
47%
Rivaldo
47%
Michel Platini
45%
Gerd Müller
42%
Michael Owen
41%
Karl-Heinz Rummenigge
39%
Bobby Charlton
38%
Keine übereinstimmenden Quizze gefunden
Verteilung der Resultate
Anzahl Personen mit jedem Resultat
Perzentil nach korrekt beantworteten Fragen
Ihre Resultats-Entwicklung
Sie haben dieses Quiz noch nicht gespielt